MDQL
is popping MORE tags! Check the
thread
!
Quizzes
Events
Quiz Creation
Community
Videos
Private Events
Remove Ads
Sign In
Join for FREE
Feedback
Dark Mode
Quiz Categories
Sports
Geography
Music
Movies
Television
Just For Fun
Miscellaneous
History
Literature
Language
Science
Gaming
Entertainment
Religion
Holiday
For Kids
Quiz Lab
Recent
Popular Today
Quiz Kudos Today
Editor Picks
Curator Picks
Quizzes by...
Day
Popularity
Type
Ratings
Length
Year
Community
Subscriptions
Recent Discussions
Orange Saloon
Badges
Playlists
Quests
Create
Leaderboards
Showdown
Live 5
Trivia Bingo
Activity
Puzzle Library
Sporcle Events
Private Events
Virtual Trivia
Globe League
Become a Host
Pub Owners
SporcleCon
Opinionation
Our Games
Videos
Blog
Mobile Apps
Partnerships
Remove Ads and Go Orange
Feedback
Sports
Athletes
MLB
NBA
NHL
NFL
Soccer
Sports Teams
WWE
NCAA
Football
Premier League
Basketball
Baseball
Hockey
Golf
Tennis
Cricket
Rugby
Auto Racing
Olympics
World Cup
Sports
Athletes
MLB
NBA
NHL
NFL
Soccer
Sports Teams
WWE
NCAA
Football
Premier League
Basketball
Baseball
Hockey
Golf
Tennis
Cricket
Rugby
Auto Racing
Olympics
World Cup
Random Quiz
Search Sporcle
×
Quiz Lab
Quiz Lab
Sports
Hockey
Type in answers that appear in a list
Type in answers that appear in a list
Classic
Best Score? Go Orange.
World Junior's top forward Stats
Can you name the World Juniors top forward?
By
mrcanada
6m
36 Questions
121 Plays
121 Plays
121 Plays
Comments
Comments
Give Quiz Kudos
Give Quiz Kudos
-
- Ratings
hide this ad
Replay
Link that replays current quiz
Next Quiz
Link to next quiz in quiz playlist
You Got
0%
They Got
Avg Score
24%
Avg Friend Score
Upgrade to see
Score Distribution
Jump to the score distribution portion of the page
Score
0/36
Timer
06:00
0
Plays Today
Year
Player
% Correct
2005
Alexander Ovechkin
85.1%
2006
Evgeni Malkin
73.6%
2009
John Tavares
67.8%
1993
Peter Forsberg
66.9%
1978
Wayne Gretzky
65.3%
2010
Jordan Eberle
65.3%
1991
Eric Lindros
56.2%
2012
Evgeny Kuznetsov
55%
1989
Pavel Bure
46.3%
1988
Alexander Mogilny
35.5%
2011
Brayden Schenn
30.6%
2004
Zach Parise
27.3%
1996
Jarome Iginla
23.1%
1990
Robert Reichel
19%
1998
Olli Jokinen
18.2%
1981
Patrik Sundstrom
14%
1994
Niklas Sundstrom
14%
1979
Vladimir Krutov
12.4%
Year
Player
% Correct
1980
Vladimir Krutov
12.4%
1992
Michael Nylander
10.7%
2007
Alexei Cherepanov
9.1%
1997
Alexei Morozov
8.3%
2001
Pavel Brendl
6.6%
1995
Marty Murray
5.8%
1999
Maxim Afinogenov
5.8%
2003
Igor Grigorenko
5.8%
1983
Tomas Sandstrom
5%
2002
Mike Cammalleri
5%
1977
Dale McCourt
4.1%
2008
Viktor Tikhonov
4.1%
2000
Milan Kraft
3.3%
1984
Raimo Helminen
2.5%
1982
Petri Skriko
1.7%
1985
Michal Pivonka
1.7%
1986
Jim Sandlak
1.7%
1987
Robert Kron
0%
Quiz Playlist
Details
Report
Send in Message
Add To Playlist
Classic:
Type in answers that appear in a list
Last Updated: Feb 16, 2017
Quiz Scoreboard
CHALLENGE
Sign Up to Join the Scoreboard
Show All
Scores
Hide
Comments
May contain spoilers
Recently Published
Image Sorting: Flags VI
by Barbecue
Geography
2m
Find the 'City' Movie
by crazypaving
Movies
60s
Colored Red Africa Blitz
by spor1
Geography
45s
More to Explore
Quiz From the Vault
Featured Blog Post
14 Easter Pick-up Lines to Find Eggs With
hide this ad
You Might Also Like...
Tags
Hockey Quiz
IIHF Hockey
Junior Hockey
Player
World Championships
Today's Top Quizzes in Sports
Browse Sports
hide this ad
Today's Top Quizzes in Hockey
Browse Hockey
Top Contributed Quizzes in Sports
1
Les meilleurs buteurs des matchs entre le PSG et l’OM
2
Les entraîneurs de l'OM et du PSG au 21e siècle
3
2022 World Cup Stars
4
Les joueurs passés par le PSG et l'OM
5
Players with Multiple 50 Home Run Seasons
6
Criteria MLB: Left Handed Sluggers
7
FIFA Club World Cup Champions
8
Les joueurs passés par le LOSC et le RC Lens
9
NBA Logic Puzzle 2.0
10
Top 10 NHL Goal Scorers of All Time
Explore More
Trending Topics
NBA
Disney
Kpop
Harry Potter
Marvel
Crossword
Anime
Puzzle
Pokémon
Soccer
NFL
Country
WWE
The Office
Song
hide this ad
More By:
mrcanada
Quiz
Plays
Rating
Category
Featured
Created
NHL top assists since 1998
556
4.56
Sports
Apr 6, 2011
top 30 NHL all time centremen
533
5.00
Sports
Mar 12, 2011
non-original 6 Stanley Cup winners
345
2.00
Sports
Sep 14, 2011
CFL MVPs
295
5.00
Sports
Jan 21, 2011
NHL franchises, North to South
253
3.71
Sports
Jan 21, 2011
Go to Creator's Profile
Score Distribution
Quiz Creator Spotlight
mrcanada
Follow
Send a Message
Quizzes Created
-
Created Quiz Play Count
-
More By This Creator
Popular Quizzes Today
1
Colored Red Africa Blitz
2
Find the US States - No Outlines Minefield
3
Find the 'City' Movie
4
5x2 Blitz: Bands
5
The Countries of the World
6
Find the US States
7
Find the Countries of Europe - No Outlines Minefield
8
US States
More Sports Quizzes
International Footballers: Expose the English
Published
Trending Quizzes
Colored Red Europe Blitz I
Colored Red Europe Blitz II
Colored Red Africa Blitz II
Colored Red Europe Blitz III
Colored Red Africa Blitz III
Recently Updated
How Do You Spell That?
pecheneg
Godzilla Movies
pecheneg
Grab Bag: 4-10 Letters
pecheneg
2024 March Madness Bracket
pecheneg
Famous TV Couples
Peacemaker
Champions League XIs: Real Madrid
pecheneg
Largest US Cities 1790-2010
pecheneg
Rides in Walt Disney World
pecheneg
Most Oscar Losses (Acting)
pecheneg
Beyoncé Albums
pecheneg
Trending Topics
NBA
Marvel
Anime
Disney
Harry Potter
Kpop
Crossword
Song
Soccer
NFL
Country
WWE
Pokémon
Puzzle
The Office
Your Account Isn't Verified!
In order to create a playlist on Sporcle, you need to verify the email address you used during registration. Go to your
Sporcle Settings
to finish the process.
Report this User
Report this user for behavior that violates our
Community Guidelines
.
Details:
Send Report
Go to the Sporcle.com Mobile Site →
Comments